000 00839nam a2200217Ia 4500
003 GCL
008 140319s9999 xx 000 0 ara d
040 _aGCL /
_cGCL
082 0 4 _a891.7
_bس ن
100 1 _aستريروفيتس ، مارلينا
245 1 0 _aنصوص مختارة :
_bللكاتبة النمساوية مارلينا ستريروفيتس /
_cستريروفيتس ، مارلينا
700 1 _aحنان معوض
260 _aالقاهرة :
_bوزارة الثقافة - مهرجان القاهرة الدولى للمسرح التجريبى
300 _a655 ص ؛
_c24 سم
650 0 4 _aالادب الروسى
650 0 4 _aالادب الالمانى
650 0 4 _aالمسرحيات الالمانية
650 0 4 _aالمسرح - عروض
650 0 4 _aالادب النمساوى
942 _2ddc
_cBK
999 _c7791
_d7791